Catálogo
 En Linea

Contribución del folklore al estudio de la historia / (Registro nro. 39747)

Detalles MARC
000 -CABECERA
campo de control de longitud fija 00543nam a2200169 a 4500
001 - NÚMERO DE CONTROL
campo de control 000040257
005 - FECHA Y HORA DE LA ÚLTIMA TRANSACCIÓN
campo de control 20201002034021.0
008 - DATOS DE LONGITUD FIJA--INFORMACIÓN GENERAL
campo de control de longitud fija 130820s1977 gt 000 0 spa d
040 ## - FUENTE DE LA CATALOGACIÓN
Centro catalogador/agencia de origen DO-SdBNP
Lengua de catalogación spa
Centro/agencia transcriptor BNPHU
082 ## - NÚMERO DE LA CLASIFICACIÓN DECIMAL DEWEY
Número de clasificación xxx
100 1# - ENTRADA PRINCIPAL--NOMBRE DE PERSONA
Nombre de persona Lara F., Celso
9 (RLIN) 66532
245 10 - MENCIÓN DE TÍTULO
Título Contribución del folklore al estudio de la historia /
Mención de responsabilidad, etc. Celso A. Lara F.
260 ## - PUBLICACIÓN, DISTRIBUCIÓN, ETC.
Lugar de publicación, distribución, etc. Guatemala :
Nombre del editor, distribuidor, etc. Universidad de San Carlos de Guatemala,
Fecha de publicación, distribución, etc. 1977.
300 ## - DESCRIPCIÓN FÍSICA
Extensión 254 p. ;
Dimensiones 23 cm.
490 1# - MENCIÓN DE SERIE
Mención de serie Problemas y documentos
Designación de volumen o secuencia 7
830 #0 - PUNTO DE ACCESO ADICIONAL DE SERIE-TÍTULO UNIFORME
Título uniforme Problemas y documentos
Designación de volumen o secuencia 7
9 (RLIN) 66533
Existencias
Estado de retiro Estado de pérdida Restricciones de uso No para préstamo Código de colección Localización permanente Ubicación/localización actual Ubicación en estantería Fecha de adquisición Número de inventario Total de préstamos Signatura topográfica completa Código de barras Fecha visto por última vez Precio válido a partir de Tipo de ítem Koha
        Monografías: Libros y Folletos General General Orden iniciada 20.08.2013 LF1   xxx 40257-10 25.06.2020 25.06.2020 No se presta

Con tecnología Koha